000
00276nam a22001097a 4500
008
230704b xxu||||| |||| 00| 0 eng d
082
_a
362.1
_b
FCO 1991
245
_a
AIDS Control in Britain
260
_b
Foreign and Commonwealth Office
_c
1991
300
_a
20p
942
_2
ddc
_c
BK
999
_c
3759
_d
3759